Vista normal
Vista MARC
- Garsia de Loaysa
Entrada Personal Name
Número de registros utilizados en: 2
001 - CONTROL NUMBER
- control field: 26576
003 - CONTROL NUMBER IDENTIFIER
- control field: ES-SlBCS
005 - DATE AND TIME OF LATEST TRANSACTION
- control field: 20260702172400.0
008 - FIXED-LENGTH DATA ELEMENTS
- fixed length control field: 260702|| aca||aabn | a|a d
040 ## - CATALOGING SOURCE
- Original cataloging agency: ES-SlBCS
- Transcribing agency: ES-SlBCS
100 ## - HEADING--PERSONAL NAME
- Personal name: Garsia de Loaysa
670 ## - SOURCE DATA FOUND
- Source citation: Work cat.: (ES-SlBCS): Garsia de Loaysa Magister Generalis , Processionarium secundum morem almi ordinis praedicatorum, nuper impressum, atque per quosdam predicti ordinis fratres solertissime correctum & emendatum, cum quibusdam in eo decenter additis., , anno domini MDXIX, d. XIX kal. septembris.
